[Event "ULIM Cup"]
[Site "Kishnev MDA"]
[Date "2001.10.07"]
[Round "1"]
[White "Fedotov,E"]
[Black "Sheremetieva,M"]
[Result "0-1"]
[WhiteElo "2018"]
[BlackElo "2308"]

1.c4 e5 2.g3 Nc6 3.Bg2 d6 4.Nc3 Be6 5.d3 Qd7 6.e4 Nge7 7.Be3 h5 8.h4 g6 9.Nd5 Bg7
10.Nf3 Bg4 11.Qd2 Nd4 12.Nxd4 exd4 13.Bg5 Nxd5 14.exd5 f6 15.Bf4 Qe7+ 16.Kf1 O-O-O
17.Re1 Qd7 18.Qa5 Kb8 19.c5 dxc5 20.Qxc5 Rhe8 21.Rc1 Be2+ 22.Kg1 Rc8 23.Kh2 g5
24.Bh3 Bg4 25.Bxg4 hxg4 26.hxg5 fxg5 27.Bxg5 Qf5 28.Bf4 Be5 29.d6 cxd6 30.Qd5 Rxc1
31.Rxc1 Qh7+ 32.Kg1 Bxf4 33.gxf4 Rh8 34.Rd1 Qh2+ 35.Kf1 Qxf4 36.Qe4 Qf3 37.Qxf3 gxf3
38.Kg1 Re8 39.Kh2 Rg8 40.Rg1 Re8 41.Kg3 Re2 42.Rb1 Rd2 43.Kxf3 Rxd3+ 44.Ke2 Rh3
45.Rd1 Rh4 46.Rc1 Rf4 47.Rc2 a6 48.Kd3 b5 49.b3 Kb7 50.Re2 Kc6 51.f3 Kd5
52.Rf2  0-1

[Event "FSIMA October"]
[Site "Budapest HUN"]
[Date "2001.10.09"]
[Round "4"]
[White "Blasko,I"]
[Black "Cooke,E"]
[Result "1-0"]
[WhiteElo "2310"]
[BlackElo "2212"]

1.c4 e5 2.g3 Nc6 3.Bg2 g6 4.Nc3 Bg7 5.Rb1 d6 6.b4 f5 7.b5 Nce7 8.e3 Nf6 9.Nge2 O-O
10.Qb3 Kh8 11.Nd5 g5 12.O-O Nfxd5 13.cxd5 f4 14.f3 Ng6 15.Bb2 Bd7 16.Rbc1 Rc8
17.Rc4 Qe8 18.a4 c5 19.b6 a6 20.Nc3 h5 21.Ne4 Qe7 22.Qc3 Rg8 23.Qd3 Bf5 24.Qe2 Rcf8
25.Nf2 fxg3 26.hxg3 Qd8 27.a5 Bd7 28.d3 Rf7 29.Bh3 Rgf8 30.Bxd7 Rxf3 31.Bh3 Rxg3+
32.Kh2 Rff3 33.Rg1 Rxh3+ 34.Nxh3 g4 35.Qxf3 gxf3 36.Rxg6 Qe8 37.Rg3 Qb5 38.Rc2 Qxd3
39.Rf2 c4 40.Rgxf3 c3 41.Bc1 Qd1 42.Rf1 Qxd5 43.Rf5 Qa2+ 44.R1f2 Qb1 45.Rxh5+ Kg8
46.Rg5 Qxc1 47.Rfg2 Qxe3 48.Rxg7+ Kf8 49.Rxb7 e4 50.Rc7 c2 51.b7 Qb3 52.Rgxc2  1-0

[Event "ULIM Cup"]
[Site "Kishnev MDA"]
[Date "2001.10.11"]
[Round "5"]
[White "Fedotov,E"]
[Black "Greabca,I"]
[Result "1-0"]
[WhiteElo "2018"]
[BlackElo "2348"]

1.c4 e5 2.g3 d5 3.cxd5 Qxd5 4.Nf3 Nc6 5.Nc3 Qd8 6.Bg2 Bb4 7.O-O Bxc3 8.bxc3 f5
9.Qb3 Nf6 10.Ba3 h6 11.d3 Rb8 12.e4 Qxd3 13.Rad1 Qa6 14.exf5 Qb6 15.Qc4 Qa6
16.Qxa6 bxa6 17.Nxe5 Nxe5 18.Rfe1 Nd7 19.f4 Bb7 20.Bxb7 Rxb7 21.fxe5 Rb5
22.c4 Ra5 23.Bb4 Ra4 24.e6 Rxb4 25.Rxd7 O-O 26.Rxc7 Rb2 27.Rd1 Rxf5 28.e7 Kf7
29.Re1  1-0

[Event "1st Chess Week"]
[Site "Winterthur SUI"]
[Date "2001.10.11"]
[Round "7"]
[White "Haas,C"]
[Black "Sarwat,W"]
[Result "0-1"]
[WhiteElo "2247"]
[BlackElo "2365"]

1.c4 e5 2.g3 Nf6 3.Bg2 d5 4.cxd5 Nxd5 5.Nc3 Nb6 6.Nf3 Nc6 7.O-O Be7 8.a3 a5
9.d3 Be6 10.Be3 Nd5 11.Nxd5 Bxd5 12.Qa4 O-O 13.Rac1 f6 14.Rfd1 Qd7 15.Qb5 Rfd8
16.Ne1 Bxg2 17.Nxg2 Rab8 18.Rd2 Kh8 19.Rc4 Qe6 20.a4 Bb4 21.Rdc2 Qg8 22.Rh4 f5
23.Qc4 e4 24.d4 Be7 25.Rh3 Bf6 26.Qb5 g6 27.Nf4 Qf7 28.d5 Nb4 29.Rd2 c6 30.dxc6 Nxc6
31.Nd5 Bg7 32.Nf4 Kg8 33.Nd5 Rd7 34.Nf4 Rbd8 35.Rxd7 Rxd7 36.g4 g5 37.gxf5 gxf4
38.Bxf4 Nd4  0-1

[Event "4th WCh U20 Team"]
[Site "Rio de Janeiro BRA"]
[Date "2001.10.13"]
[Round "4"]
[White "Burstein,R"]
[Black "Miton,K"]
[Result "0-1"]
[WhiteElo "2368"]
[BlackElo "2518"]

1.c4 e5 2.g3 Nf6 3.Bg2 Nc6 4.Nc3 Bb4 5.Nd5 O-O 6.Nxb4 Nxb4 7.d3 h6 8.Nf3 d6
9.O-O Nc6 10.b3 Bf5 11.h3 e4 12.dxe4 Bxe4 13.Bb2 Re8 14.Qd2 Qe7 15.Qf4 Nd7
16.Qg4 f5 17.Qf4 Nc5 18.Qd2 Qf7 19.Nh4 Bxg2 20.Nxg2 Ne4 21.Qd5 Nb4 22.Qxf7+ Kxf7
23.Nf4 g5 24.Nd5 Nxd5 25.cxd5 Re7 26.Rac1 f4 27.Rc2 Rf8 28.g4 Kg6 29.Re1 Ref7
30.Bd4 Nf6 31.Bxf6 Kxf6 32.Rd2 h5 33.Rd4 hxg4 34.hxg4 Rh7 35.Kg2 Rh4 36.Kf3 Rh3+
37.Kg2 Rh4 38.Kf3 Rh7 39.Ra4 Rh3+ 40.Ke4 Re8+ 41.Kd4 a6 42.Rb4 b5 43.a4 Rh2
44.axb5 axb5 45.f3 Rhxe2 46.Rxe2 Rxe2 47.Rxb5 Rd2+ 48.Ke4 Re2+ 49.Kd4 Re3
50.Rb7 Rxf3 51.Rxc7 Rxb3 52.Rc6 Ke7 53.Rc7+ Kf6 54.Rc6 Rb4+ 55.Kc3 Rb8 56.Kd4 Rb4+
57.Kc3 Ra4 58.Rxd6+ Ke5 59.Rd8 f3 60.d6 Rf4  0-1

[Event "October Training"]
[Site "Singapore SIN"]
[Date "2001.10.13"]
[Round "3"]
[White "Tay,J"]
[Black "Teo Kok Siong"]
[Result "1/2-1/2"]
[WhiteElo "2184"]
[BlackElo "2313"]

1.c4 e5 2.g3 d6 3.Bg2 f5 4.d4 Nd7 5.Nc3 Ngf6 6.e3 c6 7.Nge2 Be7 8.O-O O-O
9.b4 e4 10.Qb3 Qe8 11.f3 Bd8 12.Bd2 exf3 13.Rxf3 Ne4 14.Nxe4 fxe4 15.Rxf8+ Kxf8
16.Rf1+ Nf6 17.Nc3 Kg8 18.b5 Bd7 19.bxc6 bxc6 20.Qa3 d5 21.cxd5 cxd5 22.Qb3 Be6
23.Qb7 Rc8 24.Qxa7 Ng4 25.Qa3 Bg5 26.Nd1 Rc2 27.Bb4 Bf6 28.h3 Nh6 29.g4 Nf7
30.Qb3 Qc8 31.Bc5 Rxg2+ 32.Kxg2 Bxg4 33.hxg4 Qxg4+ 34.Kh2  1/2-1/2

[Event "FSGM October"]
[Site "Budapest HUN"]
[Date "2001.10.14"]
[Round "9"]
[White "Spassov,L"]
[Black "Husari,Sa"]
[Result "0-1"]
[WhiteElo "2386"]
[BlackElo "2369"]

1.c4 e5 2.g3 Nf6 3.Bg2 d5 4.cxd5 Nxd5 5.Nf3 Nc6 6.O-O Nb6 7.d3 Qe7 8.Nbd2 g5
9.a3 a5 10.b3 f5 11.Bb2 Qf6 12.Rc1 Bd6 13.Qc2 O-O 14.Rfd1 Qe7 15.e3 g4 16.Ne1 Bd7
17.Nc4 Nxc4 18.Qxc4+ Kh8 19.Nc2 Rad8 20.b4 b5 21.Qc3  0-1

[Event "YM"]
[Site "Zug SUI"]
[Date "2001.10.17"]
[Round "9"]
[White "Moor,R"]
[Black "Kritz,L"]
[Result "0-1"]
[WhiteElo "2385"]
[BlackElo "2418"]

1.c4 e5 2.g3 Nf6 3.Bg2 d5 4.cxd5 Nxd5 5.Nc3 Nb6 6.Nf3 Nc6 7.d3 Be7 8.a3 O-O
9.O-O Be6 10.b4 f6 11.Bb2 a5 12.b5 Nd4 13.Nxd4 exd4 14.Na4 Bd5 15.Bh3 Bf7
16.Rc1 Qd6 17.Bg2 Ra7 18.Nc5 Qe5 19.Nb3 Qxb5  0-1

[Event "TSGM October"]
[Site "Belgrade YUG"]
[Date "2001.10.23"]
[Round "4"]
[White "Todorov,O"]
[Black "Popchev,M"]
[Result "1/2-1/2"]
[WhiteElo "2381"]
[BlackElo "2452"]

1.c4 e5 2.g3 Nc6 3.Bg2 g6 4.Nc3 Bg7 5.e3 d6 6.Nge2 f5 7.d3 Nf6 8.O-O O-O
9.b3 Be6 10.Nd5 Qd7 11.Bb2 Rab8 12.Qd2 Ne7 13.Nxe7+ Qxe7 14.f4  1/2-1/2

[Event "27th Open"]
[Site "Guernsey GCI"]
[Date "2001.10.24"]
[Round "4"]
[White "Keeling,K"]
[Black "Wright,D"]
[Result "1/2-1/2"]
[WhiteElo "2048"]
[BlackElo "2220"]

1.c4 e5 2.g3 Nc6 3.Bg2 g6 4.Nc3 Bg7 5.e4 Nge7 6.Nge2 d6 7.d3 Be6 8.Nd5 O-O
9.O-O Qd7 10.Be3 f5 11.Qd2 Rae8 12.f3 Rf7 13.Rae1 Nd4 14.Nxd4 exd4 15.Nxe7+ Qxe7
16.Bg5 Qf8 17.exf5 Bxf5 18.f4 c6 19.b4 Bf6 20.Rxe8 Qxe8 21.Re1 Re7 22.Rxe7 Qxe7
23.Bxf6 Qxf6 24.Qe2 Kf8 25.Bf3 Bd7 26.Qe4 Bf5 27.Qe2 Bd7 28.Qe4 Bf5 29.Qe2 Bd7  1/2-1/2

[Event "Chigorin Mem Open"]
[Site "St Petersburg RUS"]
[Date "2001.10.27"]
[Round "2"]
[White "Vaulin,A"]
[Black "Zakharchenko,A"]
[Result "1-0"]
[WhiteElo "2548"]
[BlackElo "2402"]

1.c4 e5 2.g3 Nf6 3.Bg2 d5 4.cxd5 Nxd5 5.Nf3 Nc6 6.O-O Nb6 7.d3 Be7 8.a3 O-O
9.Nbd2 Re8 10.b4 Bf8 11.Bb2 a6 12.Rc1 Be6 13.Nxe5 Nxe5 14.Bxe5 c6 15.Bc3 Nd5
16.Nb3 Nxc3 17.Rxc3 Qf6 18.d4 Bxb3 19.Rxb3 Qe7 20.e3 Red8 21.Qc2 Rd6 22.Rd1 Rad8
23.Rbd3 h5 24.e4 g6 25.f4 Bg7 26.e5 R6d7 27.h4 f5 28.Qc4+ Kh8 29.Kh2 Bf8
30.d5 cxd5 31.Rxd5 Rxd5 32.Rxd5 Qe6 33.Qd4 Rxd5 34.Bxd5 Qd7 35.e6+ Qg7 36.Qxg7+ Kxg7
37.Bxb7 a5 38.bxa5 Bxa3 39.a6 Bc5 40.Kg2 Kf6 41.Bd5 Ke7 42.Kf3 Kd6 43.Ke2 Ba7
44.Kd3  1-0

[Event "IM"]
[Site "Le Touquet FRA"]
[Date "2001.10.29"]
[Round "4"]
[White "Abolianin,A"]
[Black "Mancini,M"]
[Result "1/2-1/2"]
[WhiteElo "2364"]
[BlackElo "2291"]

1.c4 e5 2.g3 Nf6 3.Bg2 Nc6 4.Nc3 Bb4 5.Nf3 O-O 6.O-O e4 7.Ne1 Bxc3 8.dxc3 Re8
9.Nc2 d6 10.f3 exf3 11.exf3 h6 12.Ne3 Bd7 13.Bd2 Qc8 14.Re1 Ne7 15.Qc2 Bc6
16.Re2 Nf5 17.Rae1 Nxe3 18.Bxe3 Qd7 19.h4 b6 20.Kh2 Bb7 21.Bd4 Nh7 22.Bh3 Rxe2+
23.Rxe2 Qd8 24.Bf5 Nf8 25.Kg2 c5 26.Bf2 Qf6 27.Be4 Bxe4 28.Qxe4 Rd8 29.Qb7 Rd7
30.Qa8 Qd8 31.Re8 Qxa8 32.Rxa8 f5 33.Be3 Kf7  1/2-1/2

[Event "Jonsson Mem Open"]
[Site "Reykjavik ISL"]
[Date "2001.10.29"]
[Round "6"]
[White "Ptacnikova,L"]
[Black "Kjartansson,G"]
[Result "1-0"]
[WhiteElo "2246"]
[BlackElo "2052"]

1.c4 e5 2.g3 g6 3.Bg2 Bg7 4.Nc3 Nc6 5.e4 Nge7 6.Nge2 d6 7.d3 O-O 8.O-O Be6
9.Nd5 Qd7 10.Bg5 f6 11.Be3 Nd8 12.d4 c6 13.Nxe7+ Qxe7 14.d5 cxd5 15.cxd5 Bd7
16.Rc1 Nf7 17.Rc7 b6 18.Bh3 Rfd8 19.Qc2 Rac8 20.Rc1 Rxc7 21.Qxc7 Kf8 22.Bxd7 Qxd7
23.Qxd7 Rxd7 24.Rc8+ Ke7 25.Ra8 Rb7 26.a4 Nd8 27.Nc3 Kd7 28.Nb5 Bf8 29.Rxa7 Rxa7
30.Nxa7 Kc7 31.Nb5+ Kb7 32.Kf1 f5 33.f3 Nf7 34.Ke2 Be7 35.b4 Bd8 36.Kd3 Ka6
37.Na3 Ng5 38.Bxg5 Bxg5 39.exf5 gxf5 40.Nc4 b5 41.axb5+ Kxb5 42.Nxd6+ Kxb4  1-0

[Event "FSIM November"]
[Site "Budapest HUN"]
[Date "2001.11.06"]
[Round "4"]
[White "Blasko,I"]
[Black "Vass,V"]
[Result "1-0"]
[WhiteElo "2310"]
[BlackElo "2166"]

1.c4 e5 2.g3 Nf6 3.Nc3 d5 4.cxd5 Nxd5 5.Bg2 Nb6 6.Nf3 Nc6 7.O-O Be7 8.d3 O-O
9.a3 Be6 10.b4 a5 11.b5 Nd4 12.Nxd4 exd4 13.Na4 Nd5 14.Bb2 c5 15.bxc6 b5
16.Bxd4 bxa4 17.Qxa4 Bf6 18.Bxf6 Qxf6 19.Rac1 Rfc8 20.Rc5 Ne7 21.Rfc1 Qb2
22.R1c2 Qb1+ 23.Rc1 Qb2 24.Qb5 Qxb5 25.Rxb5 Rcb8 26.Rbc5 Ra7 27.d4 Rd8 28.d5 Bc8
29.e4 f6 30.f4 Ng6 31.Kf2 Kf7 32.Bf3 Ke7 33.h4 Kd6 34.h5 Ne7 35.Ke3 Re8 36.Kd4 Kc7
37.g4 g6 38.e5 gxh5 39.d6+ Kd8 40.dxe7+ Kxe7 41.exf6+ Kxf6 42.Rxh5 Rd8+ 43.Rd5 Rxd5+
44.Kxd5  1-0

[Event "TCh-FIN 2001-02"]
[Site "FIN"]
[Date "2001.11.18"]
[Round "5"]
[White "Kiltti,J"]
[Black "Vihinen,T"]
[Result "1/2-1/2"]
[WhiteElo "2211"]
[BlackElo "2161"]

1.c4 e5 2.g3 Nc6 3.Bg2 g6 4.e3 Bg7 5.Ne2 Nge7 6.Nbc3 d6 7.d4 O-O 8.O-O exd4
9.exd4 Bf5 10.Bf4 Qd7 11.Ne4 Bxe4 12.Bxe4 d5 13.cxd5 Nxd5 14.Bxd5 Qxd5 15.Bxc7 Nxd4
16.Nxd4 Qxd4 17.Qxd4 Bxd4 18.Rfd1 Rfc8 19.Rxd4  1/2-1/2

[Event "ch-ROM w"]
[Site "Targoviste ROM"]
[Date "2001.11.29"]
[Round "6"]
[White "Calotescu,C"]
[Black "Ionescu Brandis,I"]
[Result "1/2-1/2"]
[WhiteElo "2296"]
[BlackElo "2338"]

1.c4 e5 2.g3 d6 3.Bg2 g6 4.d4 Bg7 5.Nf3 e4 6.Ng5 f5 7.O-O Nf6 8.f3 exf3 9.exf3 O-O
10.d5 Re8 11.Nc3 h6 12.Nh3 Nbd7 13.Nf4 Ne5 14.b3 g5 15.Nfe2 Ng6 16.Qc2 Bd7
17.Bb2 a6 18.Rad1 b5 19.cxb5 axb5 20.a3 Qb8 21.Nd4 b4 22.axb4 Qxb4 23.Kh1 Re3
24.Nxf5 Bxf5 25.Qxf5 Qxb3 26.Qxg6 Qxb2 27.Ne4 Rf8 28.Rd2 Qe5 29.Nxf6+ Qxf6
30.Qxf6 Bxf6 31.Rc2 Rc3 32.Rxc3 Bxc3 33.Bh3 Ra8 34.Rc1 Ra1  1/2-1/2

[Event "9th YM"]
[Site "Loures POR"]
[Date "2001.12.01"]
[Round "5"]
[White "Pinheiro,J"]
[Black "Peixoto,A"]
[Result "1-0"]
[WhiteElo "2339"]
[BlackElo "2118"]

1.c4 e5 2.g3 d6 3.Bg2 f5 4.Nc3 Nf6 5.e3 Be7 6.Nge2 c6 7.O-O g5 8.f4 gxf4
9.exf4 Qb6+ 10.Kh1 h5 11.fxe5 Ng4 12.exd6 h4 13.dxe7 hxg3 14.d4 Nxh2 15.Kg1 Nxf1
16.Qxf1 Be6 17.c5 Qc7 18.Bg5 Rg8 19.Qf4 Qxf4 20.Bxf4 Kxe7 21.Bd6+ Kd7 22.d5 Bf7
23.Rd1  1-0

[Event "TCh-CZE 2001-2"]
[Site "CZE"]
[Date "2001.12.16"]
[Round "5"]
[White "Jirovsky,M"]
[Black "Trichkov,V"]
[Result "1-0"]
[WhiteElo "2447"]
[BlackElo "2331"]

1.c4 e5 2.g3 Nf6 3.Bg2 Bc5 4.Nc3 c6 5.e3 O-O 6.Nge2 Re8 7.O-O d6 8.d4 Bb4
9.Na4 Bg4 10.f3 Be6 11.b3 Nbd7 12.Qd3 exd4 13.exd4 d5 14.c5 b5 15.Nac3 Nf8
16.Bf4 Ng6 17.Bd6 h5 18.a4 a6 19.h3 Qd7 20.g4 Nh4 21.Ng3 Nxg2 22.Kxg2 Bxc3
23.Qxc3 h4 24.Nh1 Nh7 25.Nf2 f6 26.Ra2 Bf7 27.Rfa1 Rad8 28.axb5 axb5 29.Ra7 Qe6
30.Rc7 Rxd6 31.cxd6 Qxd6 32.Qxc6 Qg3+ 33.Kf1 Qxf3 34.Ra8 Qe3 35.Rxe8+ Bxe8
36.Qxd5+ Kh8 37.Qe4 Qxe4 38.Nxe4 Bg6 39.Rc8+ Nf8 40.Rxf8+ Kh7  1-0

[Event "London Open"]
[Site "London ENG"]
[Date "2001.12.16"]
[Round "6"]
[White "Taylor,P"]
[Black "Ansell,S"]
[Result "1-0"]
[WhiteElo "2229"]
[BlackElo "2396"]

1.c4 e5 2.g3 d6 3.Bg2 Be7 4.Nc3 f5 5.d4 c6 6.dxe5 dxe5 7.Qxd8+ Bxd8 8.e4 Nf6
9.Nge2 Na6 10.O-O O-O 11.b3 Bb6 12.Ba3 Bc5 13.Bxc5 Nxc5 14.exf5 Bxf5 15.h3 a5
16.g4 Bd3 17.Rfe1 h5 18.g5 Nfe4 19.Nxe4 Bxe4 20.Bxe4 Nxe4 21.h4 Nxf2 22.Ng3 a4
23.Nxh5 Nd3 24.Rf1 a3 25.Rad1 e4 26.Ng3 Rxf1+ 27.Kxf1 Nb4 28.Nxe4 Nxa2 29.Ra1 Nb4
30.Nc3 a2 31.Ke2 Kh7 32.Kf3 Ra3 33.Kg4 c5 34.h5 Kg8 35.g6 Ra8 36.Kg5 b6 37.h6 gxh6+
38.Kxh6 Re8 39.Rd1 Ra8 40.Ne4 Nc2 41.Nf6+ Kf8 42.Rd7  1-0

[Event "ch-BRA"]
[Site "Sao Paolo BRA"]
[Date "2001.12.17"]
[Round "1"]
[White "Braga,C"]
[Black "Coelho,L"]
[Result "1-0"]
[WhiteElo "2444"]
[BlackElo "2272"]

1.g3 e5 2.c4 c6 3.d4 Bb4+ 4.Bd2 Bxd2+ 5.Qxd2 d6 6.Nc3 Nf6 7.Bg2 Qe7 8.e4 O-O
9.Nge2 a5 10.O-O Nbd7 11.f4 b6 12.Kh1 Ba6 13.b3 Rad8 14.d5 c5 15.Rae1 Ne8
16.Nc1 Nc7 17.Rf2 Nf6 18.Bh3 Nfe8 19.f5 f6 20.Bf1 g5 21.h4 h6 22.Rh2 Ng7
23.hxg5 hxg5 24.Rh6 Kf7 25.Qh2 Ke8 26.Be2 Kd7 27.Kg2 Rf7 28.Rh1 Rdf8 29.Nd3 Kc8
30.Nf2 Qd7 31.a4 Nce8 32.Rh7 Qa7 33.Qh6 Qd7 34.Qg6 Qe7 35.Ng4 Qd7 36.Nd1 Kb8
37.Ndf2 Bc8 38.Rh8 Qe7 39.R1h7 Rxh8 40.Rxh8 Rf8 41.Rh7 Qf7 42.Qh6 Bd7 43.Ne3 Kc7
44.Bh5 Qxh5 45.Qxh5 Nxh5 46.Rxh5 Rf7 47.Rh8 Kd8 48.Neg4 Ke7 49.Nh6 Rg7 50.Kf3 Bc8
51.Nfg4 Kd7 52.Ng8 Rxg8 53.Rxg8 Ke7 54.Nxf6  1-0

[Event "ch-BRA"]
[Site "Sao Paolo BRA"]
[Date "2001.12.19"]
[Round "3"]
[White "Braga,C"]
[Black "Matsuura,E"]
[Result "1/2-1/2"]
[WhiteElo "2444"]
[BlackElo "2421"]

1.g3 e5 2.c4 Nf6 3.Bg2 Nc6 4.Nc3 g6 5.d3 Bg7 6.e4 d6 7.Nge2 O-O 8.O-O Ne8
9.Be3 Nd4 10.f4 c6 11.Qd2 Nc7 12.Rf2 f5 13.Raf1  1/2-1/2

[Event "Christmas Open"]
[Site "Zadar CRO"]
[Date "2001.12.21"]
[Round "7"]
[White "Cvitan,O"]
[Black "Loncar,R"]
[Result "1-0"]
[WhiteElo "2550"]
[BlackElo "2458"]

1.c4 e5 2.g3 Nf6 3.Bg2 Nc6 4.Nc3 Bc5 5.d3 h6 6.e3 O-O 7.Nge2 a6 8.O-O Re8
9.b3 Rb8 10.Bb2 Bf8 11.Qd2 Ne7 12.d4 exd4 13.Nxd4 d5 14.cxd5 Nexd5 15.Nxd5 Nxd5
16.Rac1 c6 17.a3 Nf6 18.b4 Be6 19.Rfd1 Bd5 20.f3 Qe7 21.Nf5 Qe6 22.e4 Bb3
23.Nd4 Rbd8 24.Nxe6 Rxd2 25.Rxd2 Bxe6 26.Bd4 Nd7 27.f4 f6 28.Bf2 f5 29.Re1 fxe4
30.Bxe4 Nf6 31.Bg6 Bf7 32.Rxe8 Bxe8 33.Bxe8 Nxe8 34.Rd8 Nc7 35.Rb8  1-0

[Event "ch-BRA"]
[Site "Sao Paolo BRA"]
[Date "2001.12.22"]
[Round "7"]
[White "Braga,C"]
[Black "Pelikian,J"]
[Result "1/2-1/2"]
[WhiteElo "2444"]
[BlackElo "2410"]

1.g3 e5 2.c4 Nc6 3.Bg2 g6 4.Nc3 Bg7 5.e4 Nge7 6.Nge2 d6 7.d3 O-O 8.O-O Be6
9.Nd5 f5 10.Be3 Qd7 11.Qd2  1/2-1/2

[Event "Christmas Open"]
[Site "Zurich SUI"]
[Date "2001.12.30"]
[Round "7"]
[White "Moor,R"]
[Black "Habibi,Al"]
[Result "0-1"]
[WhiteElo "2385"]
[BlackElo "2264"]

1.c4 e5 2.g3 d6 3.Bg2 g6 4.Nc3 Bg7 5.Rb1 f5 6.e3 Nf6 7.Nge2 O-O 8.O-O h6
9.d3 Nc6 10.Nd5 Ne7 11.f4 c6 12.Nxf6+ Bxf6 13.b4 Be6 14.Bb2 Bg7 15.Kh1 g5
16.a4 a6 17.Qc2 Rc8 18.Bc3 b5 19.Bb2 Rf7 20.Rfd1 Qe8 21.Rbc1 Bf6 22.Qd2 Ng6
23.Rf1 d5 24.axb5 dxc4 25.bxa6 Rd7 26.fxe5 Nxe5 27.Bxe5 Bxe5 28.d4 Bb8 29.Nc3 Qh5
30.e4 Bxg3 31.Bf3 g4 32.exf5 gxf3 33.fxe6 Rxd4 34.Qa2 Bxh2 35.Qxh2 Rh4 36.Rc2 Kh8
37.Ne4 Rxh2+ 38.Rxh2 Qe5  0-1

[Event "Troll Masters"]
[Site "Gausdal NOR"]
[Date "2002.01.04"]
[Round "1"]
[White "Leer Salvesen,B"]
[Black "Van Hoolandt,P"]
[Result "1/2-1/2"]
[WhiteElo "2293"]
[BlackElo "2155"]

1.c4 e5 2.g3 Nc6 3.Bg2 g6 4.Nc3 Bg7 5.Nf3 d6 6.d3 Nf6 7.O-O O-O 8.Rb1 a5
9.a3 Re8 10.Bg5 h6 11.Bxf6 Bxf6 12.b4 axb4 13.axb4 Bg7 14.b5 Ne7 15.Qb3 Be6
16.Nd5 c6 17.Nxe7+ Rxe7 18.bxc6 bxc6 19.Qb6 d5 20.Nd2 Qxb6 21.Rxb6 Ra2 22.Rd1 e4
23.Rxc6 exd3 24.exd3 Bd7 25.Bxd5 Bxc6 26.Bxc6 Bd4 27.Kf1 f5 28.Bf3 Kg7 29.h3 Rc2
30.h4 h5 31.Bd5 Ra7 32.c5 Rxc5 33.Bc4 Rcc7 34.Nf3 Ra1 35.Nxd4 Rxd1+ 36.Ke2 Rxc4
37.Ne6+ Kf6 38.Kxd1 Ra4 39.Nf4 Ra2 40.Ke1 Rb2 41.Kf1 Rd2 42.Nd5+ Kg7 43.Nf4 Kh6
44.Ke1 Ra2 45.Nh3 Kg7 46.Nf4 Kf6 47.Nd5+ Ke5 48.Nf4 Kd4 49.Nxg6 Kxd3 50.Kf1 Ke4
51.Kg2 Ra6 52.Nf4 Rh6 53.Nh3 Ra6 54.Nf4  1/2-1/2

[Event "Troll Masters"]
[Site "Gausdal NOR"]
[Date "2002.01.07"]
[Round "4"]
[White "Leer Salvesen,B"]
[Black "Westerinen,H"]
[Result "1-0"]
[WhiteElo "2293"]
[BlackElo "2412"]

1.c4 e5 2.g3 Nc6 3.Bg2 g6 4.Nc3 Bg7 5.Nf3 d6 6.d3 Nf6 7.O-O O-O 8.Rb1 h6
9.b4 Be6 10.b5 Ne7 11.Qc2 Nh5 12.Nd2 c6 13.Ba3 f5 14.bxc6 bxc6 15.Rb7 Bc8
16.Rxe7 Qxe7 17.Bxc6 Rb8 18.Nd5 Qd8 19.c5 dxc5 20.Qxc5 Rf7 21.Ne7+ Rxe7 22.Qxe7 Qxe7
23.Bxe7 Be6 24.Nb3 Nf6 25.Nc5 Rb6 26.Nxe6 Rxc6 27.Nxg7 Kxg7 28.Rb1 Nd5 29.Rb7 a6
30.Bg5+ Kg8 31.Bxh6 Nc3 32.Kf1 Nxa2 33.Bd2 Nc3 34.Bxc3 Rxc3 35.Rb6 a5 36.Rxg6+ Kf7
37.Ra6 Ra3 38.h3 a4 39.Kg2 Ra2 40.Kf3 a3 41.g4 fxg4+ 42.hxg4 Ra1 43.Ke4 Ra2
44.e3  1-0

[Event "Troll Masters"]
[Site "Gausdal NOR"]
[Date "2002.01.08"]
[Round "6"]
[White "Ekeberg,C"]
[Black "Bae,T"]
[Result "0-1"]
[WhiteElo "2187"]
[BlackElo "2318"]

1.c4 e5 2.g3 Nf6 3.Bg2 Nc6 4.Nc3 Bb4 5.Nd5 Bd6 6.d3 Nxd5 7.cxd5 Ne7 8.Nf3 Nxd5
9.Nxe5 Bxe5 10.Bxd5 Qf6 11.Rb1 c6 12.Bg2 d5 13.O-O O-O 14.b4 Bg4 15.h3 Bd7
16.Qb3 Rfe8 17.Kh2 Bd4 18.e3 Bb6 19.a4 Qg6 20.e4 dxe4 21.dxe4 Rxe4 22.Bxe4 Qxe4
23.Bb2 Qf5 24.Qc3 Qxh3+ 25.Kg1 f6 26.Qc4+ Be6 27.Qh4 Qf5 28.Qf4 Qxf4 29.gxf4 Kf7
30.Rfd1 Kg6 31.Rd6 Kf7 32.Re1 Re8 33.Bc1 a6 34.a5 Bc7 35.Rd4 Kg6 36.Rde4 Kf5
37.f3 h5 38.Kf2 Bd8 39.Bd2 Bc7 40.R1e2 Bb8 41.Kg2 Bd6 42.Kf2 Bf8 43.Kg2 Rd8
44.Rxe6 Rxd2 45.Rxd2 Kxe6 46.Rd4 Bd6 47.Kh3 g5 48.fxg5 fxg5 49.Kg2 Ke5 50.Re4+ Kd5
51.Kf2 c5 52.bxc5 Kxc5 53.Ke2 h4 54.Kd3 h3 55.Re1 h2 56.Rb1 Bc7  0-1

[Event "Troll Masters"]
[Site "Gausdal NOR"]
[Date "2002.01.10"]
[Round "8"]
[White "Lie,K"]
[Black "Westerinen,H"]
[Result "1-0"]
[WhiteElo "2388"]
[BlackElo "2412"]

1.c4 e5 2.g3 Nc6 3.Bg2 g6 4.Nc3 Bg7 5.e4 Nd4 6.Nge2 c6 7.Nxd4 exd4 8.Ne2 Ne7
9.d3 O-O 10.O-O d5 11.cxd5 cxd5 12.exd5 Nxd5 13.Nf4 Nb4 14.Bd2 Nc6 15.b4 Ne5
16.h3 Rb8 17.Qb3 b6 18.Rfe1 Bb7 19.Nd5 Kh8 20.Bf4 Qd6 21.Re2 Rbd8 22.Rae1 Bxd5
23.Bxd5 Qxd5 24.Qxd5 Rxd5 25.Bxe5 Bxe5 26.Rxe5 Rd7 27.Rc1 Kg7 28.Kg2 Rfd8
29.f4 Rd5 30.Kf3 R5d7 31.g4 f6 32.Re6 f5 33.gxf5 gxf5 34.Rg1+ Kf8 35.Re5 Rf7
36.Rg5 Rc8 37.Rgxf5 Rc2 38.a4 Rh2 39.Rxf7+ Kxf7 40.Rh5 Kg6 41.Rg5+ Kf6 42.Ke4 Rxh3
43.Kxd4 Rh1 44.a5 Rf1 45.axb6 Rxf4+ 46.Kc3 axb6 47.Rb5 Rh4 48.Rxb6+ Ke5 49.Rc6 Kd5
50.Rc5+ Kd6 51.d4 Rh1 52.Kc4 h5 53.b5 Rc1+ 54.Kb4 Rd1 55.Rc6+ Kd5 56.Rh6 Rxd4+
57.Ka5 Rh4 58.b6 Rh1 59.Ka6 Ke4 60.b7 Ra1+ 61.Kb6 Rb1+ 62.Kc7 Rc1+ 63.Rc6 Rb1
64.Rb6 Rc1+ 65.Kd7 Rd1+ 66.Ke7  1-0

[Event "OSS GM"]
[Site "Oslo NOR"]
[Date "2002.01.15"]
[Round "3"]
[White "Groenn,A"]
[Black "Bae,T"]
[Result "1-0"]
[WhiteElo "2370"]
[BlackElo "2318"]

1.c4 e5 2.g3 Nc6 3.Bg2 Nf6 4.Nc3 Bb4 5.Nf3 O-O 6.O-O e4 7.Ng5 Bxc3 8.bxc3 Re8
9.f3 e3 10.d3 d5 11.Qb3 Na5 12.Qa4 c6 13.cxd5 Nxd5 14.Bb2 b5 15.Qa3 h6 16.Ne4 f5
17.Nd6 b4 18.cxb4 Qxd6 19.bxa5 Qxa3 20.Bxa3 f4 21.Rfc1 Bd7 22.Rc4 g5 23.Bd6 Re6
24.Bc5 Ree8 25.Rb1 Reb8 26.Rb3 Rb5 27.gxf4 gxf4 28.Rxb5 cxb5 29.Rc1 Rc8 30.h4 Rc6
31.a3 b4 32.axb4 Nxb4 33.d4 Nd5 34.Rb1 Nc3 35.Rb8+ Kf7 36.Bf1 Rg6+ 37.Kh2 Bb5
38.Rf8+ Ke6 39.Rxf4 Bxe2 40.Bxe2 Nxe2 41.Re4+ Kd5 42.Rxe3 Nxd4 43.Bxa7 Nc6
44.Bb6 Kc4 45.a6  1-0

[Event "18th Open"]
[Site "Skopje MKD"]
[Date "2002.01.15"]
[Round "1"]
[White "Kutirov,R"]
[Black "Damljanovic,B"]
[Result "0-1"]
[WhiteElo "2367"]
[BlackElo "2545"]

1.c4 e5 2.g3 Nf6 3.Bg2 d5 4.cxd5 Nxd5 5.Nf3 Nc6 6.O-O Nb6 7.Nc3 Be7 8.d3 O-O
9.a3 Re8 10.b4 Bf8 11.Bb2 Bg4 12.Re1 Qd7 13.Rc1 a5 14.b5 Nd4 15.a4 Bb4 16.e3 Nxf3+
17.Bxf3 Bxf3 18.Qxf3 c6 19.Red1 c5 20.Ra1 Rad8 21.g4 Bxc3 22.Bxc3 Ra8 23.h3 Nd5
24.Be1 b6 25.Rac1 Re6 26.d4 cxd4 27.exd4 e4 28.Qg3 Rf8 29.Rc4 Rf6 30.Bd2 Rf3
31.Qh4 Rd3 32.Kg2 e3  0-1

[Event "18th Open"]
[Site "Skopje MKD"]
[Date "2002.01.17"]
[Round "3"]
[White "Georgiev,Vl"]
[Black "Bogdanovski,V"]
[Result "1-0"]
[WhiteElo "2560"]
[BlackElo "2435"]

1.c4 e5 2.g3 Nf6 3.Bg2 c6 4.d4 Bb4+ 5.Bd2 Bxd2+ 6.Qxd2 d6 7.e3 O-O 8.Ne2 Be6
9.b3 exd4 10.Nxd4 d5 11.O-O Na6 12.Qc3 Qe7 13.Nd2 Rad8 14.Rfe1 c5 15.Nxe6 Qxe6
16.a3 Rd7 17.e4 dxc4 18.Nxc4 b5 19.e5 Nd5 20.Bxd5 Rxd5 21.Nd6 b4 22.Qc4 Rxe5
23.Rxe5 Qxe5 24.Rd1 Nc7 25.axb4 Ne6 26.bxc5 Qxc5 27.Qxc5 Nxc5 28.b4 Ne6 29.Ra1 Rd8
30.Ra6 g6 31.f4 Rd7 32.Kf2 Nd4 33.g4 Nc2 34.Rc6 Kf8 35.b5 Nd4 36.Ra6 Rc7
37.f5 gxf5 38.gxf5 Ke7 39.f6+ Kd8 40.Ke3 Nb3 41.Kf4 Nc5 42.Ra3 Ne6+ 43.Ke4 Rd7
44.Ke5 Nf8 45.b6 Ng6+ 46.Kd5  1-0

[Event "OSS GM"]
[Site "Oslo NOR"]
[Date "2002.01.18"]
[Round "8"]
[White "Trygstad,K"]
[Black "Westerinen,H"]
[Result "1/2-1/2"]
[WhiteElo "2313"]
[BlackElo "2412"]

1.c4 e5 2.g3 Nc6 3.Bg2 g6 4.Nc3 Bg7 5.e4 Nd4 6.Nge2 Nxe2 7.Nxe2 d6 8.d3 Ne7
9.Be3 O-O 10.Qd2 Nc6 11.O-O Be6 12.b3 Qd7 13.d4 exd4 14.Nxd4 Rfe8 15.Rae1 Nxd4
16.Bxd4 Bh3 17.Bxg7  1/2-1/2

[Event "TCh-FIN 2001-02"]
[Site "FIN"]
[Date "2002.01.19"]
[Round "6"]
[White "Nyysti,S"]
[Black "Raaste,E"]
[Result "1-0"]
[WhiteElo "2245"]
[BlackElo "2327"]

1.c4 e5 2.g3 Nf6 3.Bg2 d5 4.cxd5 Nxd5 5.Nf3 Nc6 6.d3 Be7 7.O-O Nb6 8.Nbd2 Be6
9.a3 a5 10.b3 a4 11.b4 f6 12.Bb2 O-O 13.Rc1 Rf7 14.Ne4 Bf8 15.Nc5 Bxc5 16.Rxc5 Ra7
17.Nd2 Nd4 18.Ra5 Qa8 19.Bxd4 exd4 20.Rh5 Qd8 21.Rh4 g5 22.Bh3 Bxh3 23.Rxh3 Nd5
24.Qa1 Nc3 25.e4 c5 26.bxc5 Ra5 27.f4 Qd7 28.Kg2 Rxc5 29.Qe1 Rb5 30.Nc4 Rb1
31.Qf2 Rxf1 32.Qxf1 b5 33.Nd2 Qd6 34.Nb1 Rc7 35.fxg5 Qe6 36.Nd2 Qa2 37.Qf4 Nd1
38.gxf6 Ne3+ 39.Kf3 Qc2 40.Qg5+ Kf8 41.Rh5 Qd1+ 42.Kf4 Ng2+ 43.Kf5 Ne3+ 44.Ke6 Qxd2
45.Kd6 Nc4+ 46.dxc4 Qxg5 47.Rxg5 Rc8 48.Rxb5 d3 49.Rb1 Rxc4 50.Ke5 d2 51.Rd1 Rc2
52.g4 Kf7 53.g5 Rb2 54.h4 h6 55.Kf5 hxg5 56.hxg5  1-0